00801nam a2200169 a 450000100100000000500170001000800410002704000250006810000300009324500660012326000590018930000200024804900090026895201640027795201730044199900170061400003095620200930062619.0110608s1945 dr 000 0 spa d aDO-SdBNPbspacBNPHU1 aReynoso G., Ulises95747010aBreves apuntes de la vida de un patricio /cUlises Reynoso G. aSan Pedro de Macorís :bEditorial Leónidas,c1945. a81 p. ;c20 cm. aBNPD 001050718RVaPDbPDcHDd2011-06-08iLF1l0o p30956-10r2020-06-25w2020-06-25y1zPerteneció a la biblioteca personal de Martínez Boog.ZNo se presta 001050718RVaPDbPDcHDd2011-06-08iLF1l0o p30956-20r2020-06-25te. 2w2020-06-25y1zPerteneció a la biblioteca personal de Julio Ortega Frier.ZNo se presta c30448d30448